Land Reform in Korea /
Kaydedildi:
| Yazar: | |
|---|---|
| Materyal Türü: | Sách giấy |
| Dil: | Vietnamese |
| Baskı/Yayın Bilgisi: |
Korea :
KDI school,
2013.
|
| Seri Bilgileri: | 2012 Modularization of Korea's development experience.
|
| Etiketler: |
Etiketle
Etiket eklenmemiş, İlk siz ekleyin!
|
| Thư viện lưu trữ: | Thư viện Trường Đại học Đà Lạt |
|---|
| LEADER | 00768nam a2200325 4500 | ||
|---|---|---|---|
| 001 | DLU150174113 | ||
| 005 | ##20150112 | ||
| 020 | # | # | |a 9791155450963 |
| 040 | # | # | |a DLU |b vie |
| 041 | # | # | |a vie |
| 044 | # | # | |a vn |
| 082 | # | # | |a 349.519 5 |b PA-M |
| 100 | # | # | |a Park, Myung Ho. |
| 245 | # | # | |a Land Reform in Korea / |c Myung Ho Park. |
| 260 | # | # | |a Korea : |b KDI school, |c 2013. |
| 300 | # | # | |a 152 tr. ; |c 27 cm. |
| 490 | # | # | |a 2012 Modularization of Korea's development experience. |
| 504 | # | # | |a References: tr.126. |
| 923 | # | # | |a 06/2015 |
| 991 | # | # | |a SH |
| 992 | # | # | |a 7600 |
| 994 | # | # | |a DLU |
| 998 | # | # | |a KY |
| 900 | # | # | |a True |
| 911 | # | # | |a Đào Thị Thu Huyền |
| 925 | # | # | |a G |
| 926 | # | # | |a A |
| 927 | # | # | |a SH |
| 980 | # | # | |a Thư viện Trường Đại học Đà Lạt |


